000 01062cam a2200193 4500
001 X118182
008 020528n2002 000 0 eng u
035 _a(Sirsi) u118182
245 _aR (on the application of Vetterlein) v Hampshire CC and Hampshire Waste Services Ltd
260 _c2002
490 _aJournal of Planning and Environment Law
_v[2002] JPL 289-304(16)
520 _aQBD 14 June 2001. Planning permission granted for construction of a waste incinerator. Whether failure to take into account relevant considerations. Whether grant of planning permission resuluted in breaches of the European Comvention on Human Rights Articles 6 and 8.
650 _aR (ON APPLICATION OF VETTERLEIN) V HAMPSHIRE CC AND HAMPSHIRE WASTE SERVICES LTD
650 _aWASTE INCINERATOR
650 _aCONVENTION FOR THE PROTECTION OF HUMAN RIGHTS AND FUNDAMENTAL FREEDOMS ART 6
650 _aCONVENTION FOR THE PROTECTION OF HUMAN RIGHTS AND FUNDAMENTAL FREEDOMS ART 8
690 _aENVIRONMENTAL AND LAND CONSULTANCY-PLANNING AND DEVELOPMENT
942 _n0
999 _c70375
_d70375